[Event "COL-ch Superate Intercol U14"]
[Site "Barranquilla"]
[Date "2018.11.21"]
[Round "7.12"]
[White "Ferrer Argote, Daniel Jose"]
[Black "Varona Ramirez, Juan Fernando"]
[Result "1-0"]
[WhiteElo "1500"]
[BlackElo "1500"]
[PlyCount "67"]
[EventDate "2018.11.19"]
[EventType "swiss"]
[EventRounds "7"]
[EventCountry "COL"]
[SourceTitle "EXT 2024"]
[Source "ChessBase"]
[SourceDate "2023.10.10"]
[SourceVersion "1"]
[SourceVersionDate "2023.10.10"]
[SourceQuality "1"]

1. c4 e5 2. Nc3 Nf6 3. g3 d5 4. cxd5 Nxd5 5. Bg2 Nf6 6. Nf3 Nc6 7. 0-0 Be7 8. d3 0-0 9. Bg5 h6 10. Bd2 Bg4 11. Ne4 Nxe4 12. dxe4 Re8 13. Bc3 Bc5 14. Qc2 Qe7 15. a3 a6 16. b4 Ba7 17. a4 b5 18. axb5 axb5 19. Qb2 Rad8 20. Nxe5 Nxe5 21. Bxe5 Qxe5 22. Qxe5 Rxe5 23. Rxa7 c5 24. f3 Be6 25. f4 Rh5 26. Bf3 Rh3 27. bxc5 b4 28. f5 Bc4 29. Bg4 b3 30. Ra4 Bb5 31. Rb4 Bc6 32. Bxh3 Rd2 33. Rxb3 Rxe2 34. Bg2 1-0